|
|
|
|
| LEADER |
01204nam a22002177a 4500 |
| 001 |
30664 |
| 003 |
BD-DhAAL |
| 005 |
20241124125215.0 |
| 008 |
151129n bg ||||| |||| 00| 0 ben d |
| 040 |
|
|
|a BD-DhAAL
|c BD-DhAAL
|
| 082 |
|
|
|2 22
|a 362.1095492
|
| 245 |
|
|
|a দ্বিমাসিক অবলোকন প্রতিবেদন (সেপ্টেম্বার -অক্টোবার) :
|b ব্র্যাক স্বাস্হ্য কর্মসূচী (বিএমএইচপি, এনএফপি),
|g ডিসেম্বর ২০০১.
|
| 260 |
|
|
|a ঢাকা :
|b অবলোকন বিভাগ,
|c ২০০১.
|
| 300 |
|
|
|a পৃ. ২২ :
|b চিত্র ;
|c ৩০ সে. মি.
|
| 541 |
|
|
|a Complimentary copy from BRAC
|e 30664
|
| 650 |
|
|
|2 Rural poor
|x Medical care
|z Bangladesh.
|9 16538
|
| 710 |
|
|
|a ব্র্যাক
|9 16539
|
| 852 |
|
|
|a Ayesha Abed Library
|
| 942 |
|
|
|2 ddc
|c BK
|
| 999 |
|
|
|c 36315
|d 36315
|
| 952 |
|
|
|0 0
|1 0
|2 ddc
|4 0
|6 362_109549200000000_BRA
|7 1
|8 RPT
|9 57093
|a BRACUL
|b BRACUL
|c BRS
|d 2015-11-30
|e Complimentary copy from BRAC
|l 0
|o 362.1095492 BRA
|p 3010030664
|r 2015-11-30
|t 1
|w 2015-11-30
|y BK
|x Complimentary copy from BRAC; Price not available in register.
|